| 000 | 00910cam a2200229 4500 | ||
|---|---|---|---|
| 001 | J115917 | ||
| 008 | 011207n2001 000 0 eng u | ||
| 035 | _a(Sirsi) u115917 | ||
| 050 | _a692.2 | ||
| 110 |
_aRoyal Institution of Chartered Surveyors _bBuilding Control Forum _94174 |
||
| 245 | _aRethinking control of buildings : final report | ||
| 260 |
_aLondon _bRICS _c2001 |
||
| 300 |
_a150p. _c30cm |
||
| 520 | _aA survey and review of the use and application of the Building Act 1984 Part III and local acts, including controls exercised in Inner London, to establish their relevance and make recommendations for changes. | ||
| 650 | _aBUILDING ACT 1984 | ||
| 650 | _aBUILDING ACT 1984 PART III | ||
| 650 |
_aBUILDING CONTROL _96222 |
||
| 650 | _aLONDON BUILDING ACTS | ||
| 690 | _aBUILT ENVIRONMENT-BUILDING STANDARDS | ||
| 710 |
_aRoyal Institution of Chartered Surveyors _94900 |
||
| 942 | _n0 | ||
| 999 |
_c101798 _d101798 |
||